Statistics for Biggest Asian Cities by Letter - G

Click here to take the quiz!

General Stats

  • This quiz has been taken 58 times
  • The average score is 5 of 11

Answer Stats

CountryPopulationCity% Correct
China46.7 milGuangzhou
98%
Palestinian Territories1.96 milGaza
93%
Turkey1.67 milGaziantep
67%
Pakistan2.77 milGujranwala
45%
Malaysia2.12 milGeorge Town
45%
China3.30 milGuiyang
43%
South Korea1.60 milGwangju
38%
India1.40 milGwalior
17%
India1.14 milGuwahati
17%
China1.56 milGuilin
14%
China1.50 milGanzhou
5%

Score Distribution

Percentile by Number Answered

Percent of People with Each Score

Your Score History

You have not taken this quiz